| 000 | 00633nam a2200301Ia 4500 | ||
|---|---|---|---|
| 005 | 20260401122217.0 | ||
| 008 | 008 250103s9999 xx 000 0 eng d | ||
| 020 | _a745620558 | ||
| 037 | _aTB | ||
| 040 | _aEDL | ||
| 040 | _beng | ||
| 040 | _cEDL | ||
| 041 | _2eng | ||
| 041 | _aeng | ||
| 084 | _a301 BOU | ||
| 084 | _qEDL | ||
| 100 | _aBourdieu, Pierre | ||
| 245 | 0 | _aPascalian Meditations | |
| 245 | 0 | _cBourdieu, Pierre | |
| 260 | _aCambridge | ||
| 260 | _bPolity Press | ||
| 260 | _c2000 | ||
| 300 | _a256p | ||
| 942 | _cTB | ||
| 942 | _h301 BOU | ||
| 999 |
_c1845661 _d1845661 |
||